000 00487nam a2200193 a 4500
001 1766477370613
003 ACL
005 20251223135241.0
008 251223s2009##################000#0#eng##
020 _a9780470197400
082 0 4 _a647.95068
_bWIL
100 1 _aAmerica, The Culinary Institute of,
_eauthor.
245 1 0 _aRemarkable Service :
260 _bJohn Wiley & Sons,
_c2009.
300 _a304 pages
650 0 _aCooking.
942 _cENGLISH
040 _aACL
_beng
_cACL
999 _c604198
_d604198